ARRUPE JESUIT UNIVERSITY

CORONAVIRUS -STOP THE SPREAD - CLEAN,DISINFECT,COVER

The gold fields revisited, (Record no. 124066)

MARC details
000 -LEADER
fixed length control field 00761cam a2200229u 4500
001 - CONTROL NUMBER
control field 7264466
003 - CONTROL NUMBER IDENTIFIER
control field ARRUPE
005 - DATE AND TIME OF LATEST TRANSACTION
control field 20160128091654.0
008 - FIXED-LENGTH DATA ELEMENTS--GENERAL INFORMATION
fixed length control field 820910s1887 sa b 000 0 eng
010 ## - LIBRARY OF CONGRESS CONTROL NUMBER
LC control number 04023219
040 ## - CATALOGING SOURCE
Original cataloging agency DLC
Transcribing agency CarP
Modifying agency DLC
043 ## - GEOGRAPHIC AREA CODE
Geographic area code f-sa---
050 00 - LIBRARY OF CONGRESS CALL NUMBER
Classification number SPC DT745
Item number .M42
300 ## - PHYSICAL DESCRIPTION
Other physical details front., fold. maps.
Dimensions 21 cm.
100 1# - MAIN ENTRY--PERSONAL NAME
Personal name Mathers, Edward P.
Fuller form of name (Edward Peter),
Dates associated with a name 1850-1924.
9 (RLIN) 21884
245 14 - TITLE STATEMENT
Title The gold fields revisited,
260 ## - PUBLICATION, DISTRIBUTION, ETC. (IMPRINT)
Place of publication, distribution, etc Durban and Maritzburg,
Name of publisher, distributor, etc Natal, Messers. P. Davis & sons,
Date of publication, distribution, etc 1887.
300 ## - PHYSICAL DESCRIPTION
Extent viii, xxvi, 352 p.
650 #0 - SUBJECT ADDED ENTRY--TOPICAL TERM
Topical term or geographic name as entry element Gold mines and mining
Geographic subdivision South Africa.
9 (RLIN) 21682
651 #0 - SUBJECT ADDED ENTRY--GEOGRAPHIC NAME
Geographic name South Africa
General subdivision Description and travel.
9 (RLIN) 21885
906 ## - LOCAL DATA ELEMENT F, LDF (RLIN)
a 0
b cbc
c premunv
d u
e ncip
f 19
g y-gencatlg
942 ## - ADDED ENTRY ELEMENTS (KOHA)
Source of classification or shelving scheme Library of Congress Classification
Koha item type Monograph ( Printed materials)
Holdings
Withdrawn status Lost status Source of classification or shelving scheme Damaged status Not for loan Collection code Home library Current library Shelving location Date acquired Total Checkouts Full call number Barcode Date last seen Price effective from Koha item type
    Library of Congress Classification     SPECIAL Collection ARRUPE LIBRARY ARRUPE LIBRARY Main Collection 28/01/2016   SPC DT745.M42 46500006060 05/07/2018 28/01/2016 SPC

 

Arrupe Library. PO Box MP320 Mt Pleasant, Harare, Zimbabwe
263 242 745411|librarian@aju.ac.zw